[Event "Politiken Cup 21st"]
[Site "Copenhagen"]
[Date "1999.07.07"]
[Round "5"]
[White "Hillarp Persson, Tiger"]
[Black "Aagaard, Jacob"]
[Result "1/2-1/2"]
[WhiteElo "2507"]
[BlackElo "2403"]
[Annotator "Aagaard,J"]
[PlyCount "70"]
[EventDate "1999.07.04"]
[EventType "swiss"]
[EventRounds "11"]
[EventCountry "DEN"]
[SourceTitle "EXT 2001"]
[Source "ChessBase"]
[SourceDate "2000.11.22"]
[SourceVersion "1"]
[SourceVersionDate "2000.11.22"]
[SourceQuality "1"]

1. d4 Nf6 2. c4 e6 3. Nc3 Bb4 4. Qc2 O-O 5. a3 Bxc3+ 6. Qxc3 b6 7. Bg5 Bb7 8.
f3 d5 9. e3 c5 $5 (9... h6 10. Bh4 c5 {is well known.}) 10. cxd5 (10. dxc5 $5
bxc5 11. cxd5 exd5 12. Qxc5 $13) 10... Qxd5 11. Bxf6 gxf6 12. dxc5 Qxc5 13.
Qxc5 bxc5 14. O-O-O Bc6 $6 (14... Rc8 $1 15. Nh3 $140 Kf8 16. Nf4 Ke7 $13) 15.
Nh3 Nd7 16. Rd6 Rac8 17. Nf4 Rc7 $8 18. Bc4 Nb6 19. Bb3 Rfc8 20. Rhd1 Kf8 21.
Rd8+ Ke7 22. Rxc8 Rxc8 23. e4 $14 Bb5 24. Bc2 Nd7 25. Bd3 $6 a6 26. Kd2 Ne5 27.
Kc3 Rb8 28. Bc2 a5 29. b3 Nc6 30. Nd3 (30. Bd3 Nd4 31. Bxb5 Nxb5+ 32. Kb2 Nd4
33. Rd3 $11) 30... Nd4 31. Rd2 Rc8 32. Bd1 Nxb3 33. Bxb3 c4 34. Nb2 cxb3+ 35.
Kxb3 Rb8 1/2-1/2

[Event "EU-chT (Men) 20th"]
[Site "Reykjavik"]
[Date "2015.11.20"]
[Round "7.3"]
[White "Vazquez Igarza, Renier"]
[Black "Almasi, Zoltan"]
[Result "0-1"]
[WhiteElo "2565"]
[BlackElo "2689"]
[Annotator "Almasi,Z"]
[PlyCount "58"]
[EventDate "2015.11.13"]
[EventType "team-swiss"]
[EventRounds "9"]
[EventCountry "ISL"]
[SourceTitle "CBM 170"]
[Source "ChessBase"]
[SourceDate "2016.01.15"]
[SourceVersion "1"]
[SourceVersionDate "2016.01.15"]
[SourceQuality "1"]
[WhiteTeam "Spain"]
[BlackTeam "Hungary"]
[WhiteTeamCountry "ESP"]
[BlackTeamCountry "HUN"]

{This game was played in the European team championship in round 7, Spain vs
Hungary. My opponent is a very solid player with White and it's not easy to
cause him trouble. Also I did not know exactly what opening he would choose.} 
1. d4 Nf6 2. c4 e6 3. Nc3 Bb4 4. Qc2 O-O 5. a3 Bxc3+ 6. Qxc3 d6 {I decided not
to play the old b6 line and also not the modern but very concrete d5 line,
which is a well known thing these days. The d6-move is more solid, but there
are thoughts behind this move. Probably Black has a small disadvantage if
White finds the exact line, but it is playable and the pieces are on the board.
My target was to win, of course.} 7. Nf3 b6 8. g3 {Here I already saw that my
opponent was playing for stability and he did not have big ambitions to play
for a win. But it was necessary to bring him out of the positions he wanted
and to find the best setup.} Bb7 9. Bg2 a5 {A very logical decision! If Black
does not play ...a5, White will play b4 sooner or later, but now he is forced
to 'lose' a tempo with b3, otherwise ...a4 is coming and b4 is too early yet.
Nbd7 is the most popular and then to play ...c5, but my idea was to play a
hard rock setup with a5-c5, Be4 and Nc6 and not to allow him to play b4 and
force White to do something with his d4 centre pawn.} 10. b3 c5 11. O-O {
Strange, but I found only one game for this position and that was mine.} Nbd7 {
Yes, I wanted to play ...Be4, because if I start with ...Nc6, then ...cxd4 is
not a big threat. Unfortunately I was not in time, but it was a playable
option.} (11... Be4 12. Rd1 $1 Qe7 {I had to run out with the queen from the
pin, but I was not sure I was in time, only if White plays Bb2 and if ...Nc6, .
..d5 is coming. This is a typical move in this type of position.} (12... Nc6
13. Bf4 {That is why I did not play that. I'm in trouble with my d6-pawn.}) 13.
Bb2 (13. Bg5 {is also possible without having any problems or difficulties for
White.})) 12. Bb2 Qe7 13. Rfd1 Be4 $1 {This was an important move, not to let
White close off the big diagonal for the bishop with d5! We could reach the
same position with a different move order, if I started with ...Be4 on move 11.
} (13... Rfc8 14. d5 $1 exd5 15. cxd5 {[%cal Yc3g7]} Qxe2 16. Re1 $16 {[%cal
Ye1e7,Yg2h3,Yh3c8]}) 14. b4 {This is a logical move, but nothing dangerous. I
felt the b4-move was better for exchanging pieces. I was not happy, because it
is concrete and not easy to make the position complicated.} Rfc8 {I found this
move, which I knew could leave me worse, but it can be a good choice in the
event of inaccurate moves. The structure of the position is changing a lot and
the pieces will remain on the board!} (14... cxb4 15. axb4 Rfc8 16. bxa5 {
This is clearly better for White, even if it looks close to equal!}) ({It idea
would not be a good to open the a-file. It just gives more space to White:} 
14... axb4 15. axb4) 15. dxc5 bxc5 16. b5 {Of course this is critical for
Black. Let's see what will happen now.} Nb6 (16... d5 {could be an option, but
...Nb6 looked very natural. Probably d5 is a more precise move in view of} 17.
cxd5 exd5 18. e3 (18. a4 {is the best according to the computer, but ...d4
looks a bit annoying for White:} d4 19. Qa3 $1 {[%cal Ya3e7,Ye2e3]}) 18... a4
$1 {The target is the b5-pawn and the e5-square is also controlled now} 19. Ne5
{Probably the best move and the chances are equal for both sides.}) 17. a4 {
Logical human thinking: Not to allow ...Na4 and make the b5 passed pawn
stronger.} d5 {Black's plan is to close off the b2-bishop with d4 and e5.} 18.
cxd5 {Of course, with the two bishops White has to open up the position.} exd5
19. e3 $1 {This was a very important decision for my opponent. Of course he
has to defend against the d4-move, but the f3-knight and the diagonal a8-h1
become much weaker now, which can be dangerous later. I was happy to see, how
difficult my opponent found it to play this move. I could calculate the forced
lines during the time he was thinking.} (19. Qe5 Qb7 $1 {and the next is ...d4.
}) 19... Qb7 {I could play ...Nc4 to exchange some pieces and play for
equality, but this is not the position which I was looking for.} 20. Nh4 $1 {
Of course! He had to exchange that bishop! If White succeeded with his plan,
he would definitely be better with c5-d5 hanging pawns, not to mention the
dangerous bishop on b2!} d4 {I did not have too much choice left. Of course
this was the plan, but I had to calculate several forced lines.} 21. exd4 c4 $1
{This was the move, which totally confounded my opponent's evaluation of the
position and he lost the control over his position. Of course with human eyes,
Black did everything rigth and looks like he has a nice position, but there
could be a different evaluation, if a machine were sitting opposite with me.
It is not likely that this will happen :)} (21... Nbd5 22. Bxe4 Nxe4 23. Qf3 {
and Black is in trouble.}) 22. d5 $2 (22. Bxe4 Nxe4 23. Qf3 c3 24. Ba3 g6 $1 {
This was my plan and I was satisfied with my position here! Any other move is
not good enough, because the knight is coming to f5 and makes trouble in the
black position on many points. But after ...g6, the h4-knight is out of play
and Black has a beautiful blockade on d5 with a dangerous c3 passed pawn.} 25.
d5 $2 (25. Re1 Re8 {with very good compensation}) 25... Nd2) (22. Bh3 {Let's
say, this is not a human move and I am sure it does not work!} Nbd5 23. Qc1) (
22. Re1 $1 {This is the correct move, but of course would need proper
calculation from the white side to establish long lines without mistakes, to
get the advantage. But it is not easy to do so and to get the right evaluation
of the position! This is chess.} Bxg2 (22... Nbd5 23. Bxe4 Nxe4 24. Qf3 Nd2 25.
Qe2 c3 26. Bxc3 Nb3 27. Ra3 Nxc3 28. Qe5) 23. Nxg2 Nbd5 24. Qf3) 22... Bxg2 23.
Nf5 $4 {Here I had two feelings:  1. my opponent just miscalculated something
or  2. he just misunderstood the position and made a kamikadze action instead
of playing solidly and trying to hold his position: even if it looks ugly it
is not bad!} (23. Nxg2 Nbxd5 24. Qf3 c3 25. Ba3 c2 26. Rd3 {I do not say I
would play this line with pleasure with White, but it is better than losing
immediately.} Qc7 27. Ne3 Nxe3 28. Rxe3 Qc4 $13 {This is an unclear position
with chances for both sides!}) 23... Nbxd5 24. Rxd5 Bxd5 25. Nxg7 {This is
just a last try before White is crushed.} (25. Nh6+ gxh6 26. Qxf6 c3 {I think
this could be what my opponent had missed! After this move White can resign.})
25... Ne4 {The easiest way to close the game. Just get the knight off the
diagonal and open new possibilities for White to lose the bishop after c3 or
f6. But I can even use it to attack the weak white king on f3 or h3.} (25...
Bh1 {This was the other human move, but after f3, if someone does not find ...
Nd5 or ...Qb6+ moves, the natural ...Qxf3 is not the best choice.} 26. f3) 26.
Qd4 (26. Qe5 f6 {killing him immediately.}) 26... Ng5 $1 27. Qf6 (27. Qg4 Nf3+)
27... Nh3+ $1 {Of course almost every move was winning, but this is a forced
mate.} 28. Kf1 Bg2+ 29. Ke1 Qe4+ 0-1

[Event "Karditsa"]
[Site "Karditsa"]
[Date "1996.??.??"]
[Round "7"]
[White "Atalik, Suat"]
[Black "Alterman, Boris"]
[Result "1-0"]
[WhiteElo "2535"]
[BlackElo "2585"]
[Annotator "Alterman,B"]
[PlyCount "79"]
[EventDate "1996.03.??"]
[EventType "tourn"]
[EventRounds "9"]
[EventCountry "GRE"]
[EventCategory "12"]
[SourceTitle "CBM 053"]
[Source "ChessBase"]
[SourceDate "1996.08.01"]
[SourceVersion "1"]
[SourceVersionDate "1996.08.01"]
[SourceQuality "1"]

1. d4 {Atalik,S} Nf6 2. c4 e6 3. Nc3 Bb4 4. Qc2 O-O 5. a3 Bxc3+ 6. Qxc3 b6 7.
Bg5 Bb7 8. e3 d6 9. f3 Nbd7 10. Bd3 h6 11. Bh4 e5 (11... c5 {Atalik,S} 12. Ne2
Rc8 13. b4 d5 14. cxd5 Nxd5 15. Bxd8 Nxc3 16. Bh4 cxd4 (16... cxb4 17. axb4 Nd5
18. Rxa7 Nxb4 19. Rxb7 Nxd3+ 20. Kd2) 17. exd4 $14) 12. Ne2 e4 13. fxe4 Qe8 14.
e5 dxe5 15. O-O-O exd4 16. exd4 Qe3+ 17. Kb1 Rfe8 $1 $146 18. Rhe1 $2 (18. Ng3
Qf4 19. Bxf6 Nxf6 $10 (19... Nxf6 {Atalik,S} 20. Rdf1 Qe3 21. Rxf6 gxf6 22. Ka2
$44 Bxg2 $140 $2 23. Nf5 Qh3 24. Rg1 Kh8 (24... Qxh2 25. Bf1 Qxg1 26. Qg3+ $18)
25. Qd2 Be4 26. Rg3 Qh5 27. Ng7 Qh4 28. Nxe8 Rxe8 29. Bxe4 $18)) (18. d5 c6 $1
(18... Ne4 19. Qd4 Qxd4 20. Nxd4 Ndc5 21. Bc2 Nd6 22. b3 $14) 19. dxc6 Bxc6 20.
Ng3 (20. Nd4 Ne4 $17) 20... Qf4 $1 (20... Bxg2 21. Nf5 Qh3 22. Rhg1 $36) 21.
Nf5 (21. Bxf6 Nxf6 $10) 21... Be4 $13) 18... Bxg2 $1 (18... Be4 19. Nc1 Qf4 20.
Bg3 Qg5 (20... Qf5 21. Bxc7 Rac8 22. Bg3 b5 23. c5 $16) 21. Bxc7 Rac8 22. Bg3
$14) 19. Ka2 Be4 $15 20. Ng1 (20. Ng3 Qf4 21. Nxe4 (21. Bxf6 Nxf6 22. Rf1 (22.
Rg1 $5) 22... Qh4 $1 (22... Qg4 23. Be2 Qg6 24. d5 $44) 23. Rxf6 (23. Nf5 $44 {
Atalik,S}) 23... Bxd3 24. Rc6 Bg6 25. Rxc7 Qxh2 $17) 21... Qxh4 22. Nxf6+ Nxf6
$17) 20... Qf4 21. Bg3 Qf5 22. Bf1 $1 (22. Bxc7 Bxd3 23. Rxe8+ Nxe8 $19) (22.
Rf1 Qg6 23. Bxc7 Rac8 24. Bg3 $15) 22... c6 (22... c5 $1 23. Bh3 Qg6 24. Ne2
$17) 23. Bh3 $2 (23. Nh3 Bf3 24. Rd3 Rxe1 25. Qxe1 Re8 $17) (23. Nh3 $5 {
Atalik,S}) 23... Qh5 24. Rf1 b5 25. d5 $8 c5 26. cxb5 a6 $1 27. bxa6 Nxd5 (
27... Bxd5+ $5 28. Ka1 Rxa6 29. Bxd7 Nxd7 30. Qd3 Rf6 $17) 28. Qa5 N7f6 29. Bf2
(29. Rde1 Ne3 30. Rf2 (30. Rxe3 Bd5+ 31. Rb3 Re3 $19) 30... Qd5+ 31. Ka1 Nc2+
32. Rxc2 Bxc2 33. a7 Rxa7 $19) (29. Qxc5 Ne3 (29... Rxa6 $1 $40 {/\Rea8,Ne3})
30. Qxh5 Nxh5 31. Rd7 (31. Rde1 Nxg3 32. hxg3 Nxf1 $19) (31. Rd6 $1 Bd5+ 32.
Rxd5 Nxd5 33. Bg2 $44) 31... Nxg3 32. hxg3 Nxf1 33. Bxf1 Bb1+ 34. Kxb1 Re1+ 35.
Ka2 Rxf1 36. a7 Rxg1 37. b4 Rg2+ 38. Kb3 Rxg3+ 39. Ka4 h5 40. b5 h4 41. b6 h3
42. Rb7 h2 43. Rb8+ Kh7 44. Rxa8 h1=Q $19) (29. Rd2 $2 {Atalik,S} Ne3 30. Rc1
Bd5+ 31. Rxd5 Qxd5+ 32. Ka1 Ne4 $17) (29. Rfe1 {Atalik,S} Ne3 $1 30. Rc1 Qd5+
31. b3 Rxa6 32. Qxa6 Qd2+ 33. Ka1 Ra8 34. Qxa8+ Bxa8 $19) 29... Nf4 $1 30. Qxc5
Bd5+ $1 (30... Nxh3 31. Qxh5 Nxh5 32. Nxh3 Bg2 33. Rfe1 Rxe1 34. Rxe1 Bxh3 35.
a7 Bg2 36. b4 $44) (30... Re5 {Atalik,S} 31. Qc3 N6d5 32. Qb3) 31. Rxd5 N6xd5
32. Bd7 $8 Nd3 33. Qd4 (33. Qc4 Nxb2 $3 34. Kxb2 Reb8+ 35. Ka2 (35. Kc2 Qg6+
$19) 35... Rxa6 $1 36. Qxa6 Nc3+ 37. Ka1 Qd5 $19) 33... N3b4+ $6 (33... Red8
$17) (33... Red8 {Atalik,S} 34. Qxd3 Rxd7 35. Qc4 $13) 34. axb4 Rxa6+ 35. Kb3
Rb8 36. Be1 $2 (36. b5 Nf6 37. Kc2 Qg6+ 38. Kc3 Rd6 $19) (36. Bg4 $1 Qg5 37.
Nf3 Qe7 $44 (37... Qe7 {Atalik,S} 38. Be1 $8 Nxb4 39. Bxb4 Rab6 $19)) 36... Nf6
$4 $138 (36... Nxb4 37. Bxb4 Rab6 38. Bh3 (38. Bf5 {Atalik,S} Qxh2 $1 $19)
38... Qa5 39. Rf4 Rxb4+ 40. Qxb4 Qd5+ 41. Kc3 (41. Rc4 Qd1+ $19) 41... Rxb4 42.
Rxb4 Qc5+ 43. Rc4 Qxg1 $19) 37. Bf5 Qxh2 38. Bc3 $16 Qd6 $4 39. Qxd6 Rxd6 40.
Be5 1-0

[Event "Olympiad-32"]
[Site "Yerevan"]
[Date "1996.09.30"]
[Round "13.2"]
[White "Alterman, Boris"]
[Black "Adams, Michael"]
[Result "1/2-1/2"]
[WhiteElo "2590"]
[BlackElo "2685"]
[Annotator "Alterman,B"]
[PlyCount "75"]
[EventDate "1996.09.15"]
[EventType "team-swiss"]
[EventRounds "14"]
[EventCountry "ARM"]
[SourceTitle "CBM 055"]
[Source "ChessBase"]
[SourceDate "1996.12.01"]
[SourceVersion "1"]
[SourceVersionDate "1996.12.01"]
[SourceQuality "1"]
[WhiteTeam "Israel"]
[BlackTeam "England"]
[WhiteTeamCountry "ISR"]
[BlackTeamCountry "ENG"]

1. d4 Nf6 2. c4 e6 3. Nc3 Bb4 4. Qc2 O-O 5. a3 Bxc3+ 6. Qxc3 Ne4 7. Qc2 f5 8.
g3 b6 9. Bg2 Bb7 10. Nf3 Nf6 11. O-O Be4 12. Qc3 d6 13. b4 Nbd7 14. Rd1 Qe8 15.
Bf1 $5 h6 (15... Bb7 $142) 16. Ne1 Bb7 17. f3 a5 $1 18. Nd3 $1 (18. b5 $6 e5
19. dxe5 Qxe5 $15) (18. Bb2 b5 $1 19. cxb5 Nd5 20. Qd2 axb4 21. axb4 f4 22.
Rxa8 Bxa8 23. Ng2 Qg6 $44) 18... axb4 19. axb4 b5 $5 (19... Rxa1 20. Qxa1 Qa8
21. Bd2 Qxa1 22. Rxa1 Ra8 23. Rxa8+ Bxa8 24. b5 $14) 20. Rxa8 Qxa8 21. Nf4 $1 (
21. cxb5 Qa4 22. Nb2 (22. Re1 Nd5 23. Qb2 Qxb5 $10) 22... Qxb5 23. e4 Qc6)
21... Qa4 22. Re1 bxc4 (22... e5 23. dxe5 Nxe5 (23... dxe5 24. Ne6 (24. Nd3 $1
$14) 24... Re8 $1) 24. cxb5 (24. c5 g5 25. cxd6 cxd6 26. Ne6 Rc8 27. Qd4 Bd5)
24... Rf7 $1 $10) 23. Qxc4 (23. Nxe6 $6 Nd5 $1 (23... Re8 24. Nxc7 Rc8 25.
Qxc4+ Nd5 26. Qb5 $16) 24. Qxc4 N7b6 25. Qd3 Re8 26. Nf4 Nxb4 27. Qxf5 Nc2 28.
Rd1 Ne3 $17) 23... Nd5 (23... Bd5 $1 24. Qxc7 Qxb4 25. Rd1 Qb6 $10) 24. Nxe6
N7b6 25. Qd3 Rf6 26. Nf4 Nxb4 27. Qc3 Rf7 (27... Nc2 $1 28. Rd1 (28. Qxc7 $5
Nxe1 29. Qxb6 Qc6 30. Qb3+ Kh7 31. Be3 $44) 28... Ne3 29. Bxe3 $2 (29. Rd3 $10)
29... Qxd1 30. Qxc7 Qb3 $1 31. Bc1 Nd5 32. Qd8+ Kh7 $17) 28. Be3 $1 N6d5 29.
Nxd5 Nxd5 30. Qd2 Nxe3 $10 31. Qxe3 Bd5 $1 32. Rb1 Rf8 33. Qc3 Qd7 34. Rc1 c6
35. Qd3 Qe7 36. Ra1 h5 37. Bg2 h4 38. e4 1/2-1/2

[Event "ISR-chT"]
[Site "Israel"]
[Date "1999.01.22"]
[Round "3"]
[White "Alterman, Boris"]
[Black "Gofshtein, Leonid D"]
[Result "1-0"]
[WhiteElo "2615"]
[BlackElo "2520"]
[Annotator "Alterman,B"]
[PlyCount "91"]
[EventDate "1999.01.??"]
[EventType "team"]
[EventRounds "11"]
[EventCountry "ISR"]
[SourceTitle "CBM 069"]
[Source "ChessBase"]
[SourceDate "1999.04.01"]
[SourceVersion "1"]
[SourceVersionDate "1999.04.01"]
[SourceQuality "1"]

1. d4 Nf6 2. c4 e6 3. Nc3 Bb4 4. Qc2 O-O 5. a3 Bxc3+ 6. Qxc3 Ne4 7. Qc2 f5 8.
Nh3 d6 (8... Nc6 9. f3 Nf6 10. e3 e5 11. dxe5 Nxe5 12. Nf4 d6 13. Be2 g5 14.
Nh3 Nh5 15. f4 gxf4 16. exf4 Qh4+ 17. Nf2 Ng4 18. g3 Qe7 19. O-O) (8... b6 9.
e3 Bb7 10. f3 Nf6 11. Bd3 Nc6 12. O-O Ne7 13. b4 Qe8 14. Bb2 Qh5 15. Rae1) 9.
f3 Nf6 10. e3 e5 (10... Nc6) (10... Qe7 11. Bd3 a5 12. Bd2 b6 (12... a4) 13.
O-O Bb7 (13... a4) 14. b4 axb4 15. axb4 Nbd7 16. Qb2 Rfb8 17. Bc2 (17. Rxa8
Rxa8 18. Ra1 Qe8 19. Ra3 Rxa3 20. Qxa3 Qa8) 17... Qd8 18. Ba4) (10... a5 11.
Bd3 Nc6 12. O-O a4 13. b4 axb3 14. Qxb3 b6 15. Bb2 Na5 16. Qc2 c5) 11. dxe5 (
11. d5 c6 12. dxc6 Nxc6 13. Be2 f4 14. Nf2 Nh5 15. O-O Qh4 16. Rd1 Rf6 17. c5
dxc5 18. Qxc5 Bf5 19. Bb5 Rg6 20. Bxc6 bxc6 21. exf4 Nxf4 22. Bxf4 Qxf4 23. Rd6
Rxd6 24. Qxd6 Qd4 25. Rd1 Qxd6 26. Rxd6 Rb8 27. g4 Bg6 28. b4 Rc8 29. Rd7 a5)
11... dxe5 12. Be2 (12. Nf2 Nc6 (12... a5 13. b3 Nc6 14. Bb2 f4 15. Rd1 Qe7 16.
exf4 exf4+ 17. Be2 Re8 18. Rd2 Qc5 19. Bxf6 gxf6 20. Ne4 Qe7 21. Qb2 Ne5 22.
O-O Bf5 23. Kh1 Rad8 24. Qc1 Bxe4 25. fxe4 Rxd2 26. Qxd2 Qxa3 27. Qxf4 Rf8 28.
Qg3+ Kh8 29. Qh3 Qb2 30. Qh6 Kg8 31. Qe3) 13. Bd2 (13. b4 Qe8 (13... f4 14. Bd3
e4 15. Bxe4 Nxe4 16. Nxe4 Qh4+ 17. Qf2 Qxf2+ 18. Kxf2 fxe3+ 19. Bxe3 Ne5 20.
Bd4 Nxc4 21. Rhc1 b5 22. a4 c6 23. axb5 cxb5 24. Rxa7) 14. Be2 Ne7 15. O-O Ng6
16. Bb2 Be6 17. a4 c6 18. b5 c5 19. a5 Qe7 20. Rfd1 Rad8 21. Rxd8 Rxd8 22. a6
b6 23. Rd1 Ne8 24. Rxd8 Qxd8 25. Qc3 Qd7 26. Nd3 Nd6 27. Nxe5 Nxe5 28. Qxe5)
13... Qe7 (13... f4 14. O-O-O fxe3 15. Bxe3 Nd4 16. Bxd4 exd4 17. Bd3 (17. c5
Kh8 18. Qc4 Qe7 19. Qxd4 Bf5) 17... c5 18. g4 Qc7 19. Kb1 (19. Kb1 Qf4 20. Ne4
Qxf3 21. Ng5 Qxg4 22. Bxh7+ Kh8 23. Rhg1)) 14. O-O-O e4 15. f4 Be6 16. Rg1 Rad8
17. Be2 h5 18. g3 Rd7 19. h3 Rfd8 20. Qb3 Qc5 21. Qb5 Qxb5 22. cxb5 Ne7 23. Bc3
) (12. Bd2 Qe7 (12... c5 13. O-O-O Qe7 14. Bc3 Nc6 15. Be2 a5 16. Kb1 Be6 17.
Ng5 Ng4 18. fxg4 Qxg5 19. gxf5 Bxf5 20. Bd3 h6 21. Bxf5 Rxf5 22. Qe4 Rf2 23. g4
Re2 24. Rde1 Rxe1+ 25. Rxe1) 13. O-O-O (13. Be2 a5 14. b3 Nc6 15. O-O f4 16.
Nf2 Nh5 17. Bd3 g6 18. Rfe1 Qh4 19. c5 fxe3 20. Qc4+ Qxc4 21. Bxc4+ Kg7 22.
Rxe3 Nf4 23. Bc3) 13... Nc6 14. Bc3 Qc5 15. Qf2 a5 16. Rd2 Be6 17. Ng5 Bc8 18.
Nh3 h6 19. e4 Qxf2 20. Nxf2 fxe4 21. Nxe4 Nxe4 22. fxe4 Be6 23. Be2 Rad8 24.
Rxd8 Rxd8 25. b4 Nd4 26. Bd3 b6 27. Kd2 axb4 28. axb4 Ra8 29. Ke3 c5 30. bxc5
bxc5 31. Ra1 Rxa1) 12... a5 (12... Qe7 13. O-O a5 14. b3 Nc6 15. Nf2 Be6 16.
Bb2 Nd7 17. Nd3 Rad8 18. Rad1 Qf7 19. Rc1 Qe7 20. Rcd1 Qf7) 13. O-O Nc6 14. Rd1
Qe7 15. b3 h6 (15... Be6) (15... f4 16. Nf2) 16. Nf2 Be6 17. Qc3 Nd7 (17...
Rfd8 18. Bb2 Qc5 19. Kf1) 18. Bb2 f4 (18... Nc5 19. f4) 19. Bf1 Rae8 20. Re1 {
[%cal Ge1e7]} Qg5 21. Rad1 Nc5 22. exf4 Qxf4 23. Bc1 Qf7 24. Be3 Na6 (24... b6
25. Bxc5 bxc5 26. Nd3 Nd4 27. Nxc5 Qg6 28. Kh1) (24... Nd7 25. b4 axb4 26. axb4
) 25. Rd2 (25. Bd3 Bf5 26. Ne4) 25... Qe7 26. c5 {[%cal Gf1a6]} Rd8 27. Red1
Rxd2 28. Rxd2 Qf7 29. Bb5 Nab8 30. b4 axb4 31. axb4 Nd7 32. Rd1 Re8 (32... Ra8
33. Ne4 Nf6 34. Bxc6 bxc6 35. Qxe5 Nxe4 36. fxe4) 33. Ne4 (33. Bf1 Ne7) 33...
Nf6 34. Nxf6+ Qxf6 35. Bf2 {[%cal Gf2g3]} Bf7 36. h3 Re7 (36... e4 37. Qxf6
gxf6 38. Rd7 e3 (38... exf3 39. Rxc7 Rb8 40. Bg3) 39. Bg3 Rc8 (39... e2 40. Be1
)) 37. Bf1 Re8 38. b5 Ne7 39. Bc4 $1 {[%csl Gd7,Ge4]} Nf5 (39... Bxc4 40. Qxc4+
Qf7 41. Qe4 c6 42. Rd7) 40. Rd7 Re7 41. Rd8+ (41. c6 bxc6 42. bxc6 Bxc4 43.
Qxc4+ Qe6) 41... Kh7 42. Bd3 (42. Bxf7 Qxf7 (42... Rxf7 43. Rd5 Re7)) 42... Bg6
43. Qc4 (43. Qb3 Rf7 44. Re8 Ne7 45. Bc4 e4 (45... Rf8 46. Bh4 Qf4 47. Rxe7
Qxh4 48. Rxc7 Qd4+ 49. Kh1 Ra8)) 43... Rf7 44. Re8 (44. Rb8 c6 45. b6 Nd4)
44... Ne7 (44... Nd4 45. Bxg6+ Qxg6 46. Kh2 (46. Bxd4 exd4 47. Qxd4 Rxf3 48.
Qd8 Qb1+ 49. Kh2 Rf7 50. b6 Qf5 (50... cxb6 51. Rh8+ Kg6 52. Qd6+ Rf6 53. Qg3+
Kf7 54. Rc8 Qe4 55. Rc7+ Ke6 56. cxb6)) 46... c6 47. b6 Qh5 (47... Qf6 48. Kh1
(48. Bg3 Re7) 48... Qf5 (48... Re7 49. Rxe7 Qxe7 50. Bxd4 exd4 51. Qxd4) 49.
Rxe5 (49. Bxd4 exd4 50. Qxd4 Rd7) 49... Qxe5 50. Qxf7 Nf5 51. Qc4) 48. Bg3) 45.
Be4 (45. Rxe7 Rxe7 46. Bh4 Bxd3 47. Qxd3+ e4) 45... Qf4 46. Bg3 (46. Bg3 Qf6
47. Bh4 Qxh4 48. Qxf7) 1-0

[Event "ISR-chT"]
[Site "Israel"]
[Date "1996.??.??"]
[Round "8"]
[White "Alterman, Boris"]
[Black "Finkel, Alexander"]
[Result "1-0"]
[WhiteElo "2585"]
[BlackElo "2500"]
[Annotator "Alterman,B"]
[PlyCount "65"]
[EventDate "1996.??.??"]
[EventType "team"]
[EventRounds "11"]
[EventCountry "ISR"]
[SourceTitle "CBM 052 Extra"]
[Source "ChessBase"]
[SourceDate "1996.07.01"]
[SourceVersion "1"]
[SourceVersionDate "1996.07.01"]
[SourceQuality "1"]

1. d4 Nf6 2. c4 e6 3. Nc3 Bb4 4. Qc2 O-O 5. a3 Bxc3+ 6. Qxc3 d6 7. Bg5 Qe7 $6 (
7... Re8) 8. e3 e5 9. Bd3 h6 10. Bh4 exd4 (10... Re8 11. Ne2 e4 12. Bc2 $14)
11. Qxd4 g5 12. Bg3 Nc6 13. Qc3 Ne4 14. Bxe4 $1 (14. Qc2 Nd4 15. Qd1 Nc5 (15...
Bf5 $10) 16. Ne2 Nxd3+ 17. Qxd3 Nxe2 18. Qxe2 Bf5 $10) 14... Qxe4 15. f3 Qg6 (
15... Qe7 $1 16. h4 (16. Ne2 $1 Re8 17. Bf2 {/\h4}) 16... Re8 17. Kf2 Ne5 $13)
16. Ne2 b6 $2 (16... Re8 17. h4 $36) 17. h4 $16 Qg7 18. hxg5 hxg5 19. O-O-O Bf5
$8 20. Be1 $1 Qxc3+ (20... f6 21. Ng3 Bg6 22. f4 $16) 21. Bxc3 f6 22. Ng3 Be6
$6 (22... Bg6 23. f4 gxf4 24. exf4 f5 25. Ne2 $1 $16 {/\Ng1-f3-g5}) 23. Rh6 $18
Ne5 $8 24. Bxe5 dxe5 25. Rdh1 Bxc4 26. Ne4 Kg7 (26... Bd3 27. Nxf6+ Kg7 28. Nd7
Rh8 29. Rxh8 Rxh8 30. Rxh8 Kxh8 31. Nxe5 $18) 27. Rh7+ Kg8 (27... Kg6 28. g4)
28. Nxf6+ Rxf6 29. Rh8+ Kg7 30. Rxa8 Rc6 31. Kd2 a5 32. Rc1 Kg6 33. Ke1 1-0